On Foster___ Foster On /

Salvato in:
Dettagli Bibliografici
Autore principale: Foster, Norman (arquitecto)
Altri autori: Jenkins, David (edición) (edición), Sudjic, Deyan (introducción) (introducción)
Natura: Libro
Lingua:inglese
Pubblicazione: Munich, Alemania : Prestel, 2000, c2000
Soggetti:
Tags: Aggiungi Tag
Nessun Tag, puoi essere il primo ad aggiungerne!!

MARC

LEADER 00000nam^a2200000^a^4500
001 000183876
005 20250521000000.0
009 20260310102054.916
020 |a 3-7913-2405-5 
037 |a Acervo ITESO - Biblioteca 
041 |a ING 
082 |a 720. 942  |b FOS JEN 
100 |a Foster, Norman  |e (arquitecto) 
245 1 0 |a On Foster___ Foster On /  |c Arquitecto N. Foster ; edición de D. Jenkins ; introd. de D. Sudjic. 
264 4 |a Munich, Alemania :  |b Prestel,  |c 2000, c2000 
300 |a 814 p. +  |e 1 disco compacto de computadora 
336 |a texto  |b txt  |2 rdacontenido 
337 |a sin mediación  |b n  |2 rdamedio 
338 |a volumen  |b nc  |2 rdasoporte 
545 0 |a La arquitectura de Norman Foster (Manchester, 1945) es una de las más destacadas manifestaciones del llamado "high-tech", caracterizado por explorar estética y técnicamente las virtudes de las innovaciones tecnológicas. Toda la primera etapa de su trabajo la desarrolló dentro del famoso Team 4, formado por Foster, Wendy Cheesman, Richard Rogers y Sue Rogers. Obtuvo el Premio Pritzker y la Medalla de Oro del Royal Institute of British Architects; fue nombrado Sir en 1990. Algunos de sus trabajos son: La Fábrica Reliance Controls, las Oficinas de Willis Faber Dumas en Ipswich, el Centro de Artes Plásticas de Sainsbury, el Banco de Shanghai y Hong Kong y la Terminal del Aeropuerto de Stansted. 
586 |a Mies van der Rohe Award 1990 
586 |a Premio Pritzker 1999 
586 |a Premio Príncipe de Asturias de las Artes 2009 
649 |a XX 
650 |a Arquitectos Ingleses 
650 |a Artistas Ingleses 
650 |a High-Tech (Arquitectura) -  |x Historia y Crítica 
650 |a Arquitectura (Tendencias Recientes) -  |x Historia y Crítica 
650 |a Arquitectura Inglesa -  |y Siglo XX 
650 |a Arquitectura Inglesa -  |x Historia y Crítica 
650 |a Arte (Tendencias Recientes) -  |x Historia y Crítica 
650 |a Arte Inglés -  |y Siglo XX 
650 |a Arte Inglés -  |x Historia y Crítica 
650 |a Foster, Norman -  |x Tema Principal 
700 |a Jenkins, David  |e (edición) 
700 |a Sudjic, Deyan  |e (introducción) 
910 |a Fondo General 
920 |a Impresos - Libros 
930 |a Reserva Especial 
905 |a 103 
901 |a 0500124663  |b IT1  |c REE  |u 20250521 
901 |a 0500288408  |b IT2  |c SWB  |u 20250521 
902 |a https://opac.biblio.iteso.mx/vufind/Record/000183876